1342 1546 1778 1079 1138 1595 1458 1869 1894 1157 1114 1323 1802 1109 1740 1411 1839 1470 1727 1529 1034 1042 1269 1446 1869 1735 1250 1594 1274 1511 1727 1096 1879 1181 1116 1469 1836 1643 1422 1268 1692 1274 1061 1994 1572 1350 1426 1864 1013 1910 1756 1280 1890 1697 1011 1603 1968 1645 1745 1365 1143 1615 1162 1874 1524 1306 1161 1872 1509 1363 1532 1222 1844 1528 1505 1906 1609 1217 2000 1948 1874 1802 1840 1086 1241 1869 1417 1272 1958 1850 1694 1111 1276 1075 1419 1798 1276 1329 1273 BCNSPRNW ULIB Ver.6.0+V

เปลี่ยนเป็นภาษาไทย

Change to English
 แสดงรายละเอียดบรรณานุกรม
  กลับหน้าหลัก

Brief Record : Get Marc (ISO 2709) : E-mail record : QR code < ปิดหน้าต่าง
LEADER : 00000nam 2200000uu 4500
001    13399112254
003     ULIB
008    110209s2537||||th 000 0 tha d
060 04 WQ305^bพ664ข 2537
100 0  พิชัย เจริญพานิช
245 00 ขบวนการคลอด สรีรภาพ ปัญหา และแนวทางแก้ไข /^cพิชัย เจริญพานิช
250    พิมพ์ครั้งที่ 1
260    กรุงเทพฯ :^bเซ็นจูรี่,^c2537
300    [13], 661 หน้า :^bภาพประกอบ ;^c26 ซม.
650  7 การคลอด
650  7 Paracrine system
650  7 Parturition physiology and problems
945    ^p0^l0^i003245
945    ^p0^l0^i003246
945    ^p0^l0^i003247
945    ^p0^l0^i003248
945    ^p0^l0^i003249
945    ^p0^l0^i003250
945    ^p0^l0^i004409
945    ^p0^l0^i004410
945    ^p0^l0^i004411
945    ^p0^l0^i006621
945    ^p0^l0^i006622
945    ^p0^l0^i006623
945    ^p0^l0^i006624
945    ^p0^l0^i006625
995    ทศพร
999 ^a ใช้งานได้ทุกระบบ
รายการนี้ยังไม่มีแท็ก
คุณยังไม่ได้ล็อกอิน คุณสามารถมีกิจกรรมร่วมกับเว็บไซต์ได้ แต่ต้องล็อกอินก่อน ::
  ล็อกอิน

รายการสื่อสารสนเทศ

ลำดับที่ ประเภท เลขเรียก/บาร์โค้ด สถานที่ สถานะ
- ไม่พบข้อมูล -

รายการใกล้เคียง
    หัวเรื่อง [การคลอด]

BibComment


ยังไม่เคยถูกคอมเมนท์

คอมเมนท์ทรัพยากรรายการนี้
  คอมเมนท์: ขบวนการคลอด สรีรภ..


 Copyright 2026. Bcnsprnw @Library